[Event "Rapidplay"]
[Site "Liepaja LAT"]
[Date "2001.08.03"]
[Round "6"]
[White "Fridman,D"]
[Black "Adianto,U"]
[Result "1-0"]
[WhiteElo "2562"]
[BlackElo "2598"]

1.Nf3 Nf6 2.c4 g6 3.g3 Bg7 4.Bg2 O-O 5.d4 d6 6.Nc3 Nc6 7.O-O a6 8.d5 Na5
9.b3 c5 10.dxc6 Nxc6 11.Bb2 Bd7 12.Qc1 Qa5 13.Rd1 Be6 14.Ng5 Bh6 15.h4 Rac8
16.Qd2 b5 17.Bxc6 Rxc6 18.Nd5 Qd8 19.cxb5 Bxd5 20.bxc6 Bxc6 21.Bxf6 exf6
22.Qxd6 Qa8 23.Nh3 Re8 24.Nf4 Bf8 25.Qd4 Re4 26.Qd8 Qb7 27.Nd5 Rxe2 28.Nxf6+ Kg7
29.Qd4 Re6 30.h5  1-0

[Event "FSIMA August"]
[Site "Budapest HUN"]
[Date "2001.08.08"]
[Round "5"]
[White "Moloney,N"]
[Black "Erdelyi,Z"]
[Result "1-0"]
[WhiteElo "2208"]
[BlackElo "2230"]

1.Nf3 Nf6 2.c4 g6 3.g3 Bg7 4.Bg2 O-O 5.O-O d6 6.d4 Nbd7 7.Nc3 e5 8.Qc2 Re8
9.Rd1 c6 10.b3 e4 11.Ng5 d5 12.cxd5 cxd5 13.Nb5 h6 14.Nc7 hxg5 15.Nxa8 Re6
16.Qc7 Qe8 17.Bxg5 Rc6 18.Qa5 a6 19.Rac1 b6 20.Qa4 b5 21.Qa5 Nf8 22.Nc7 Rxc1
23.Rxc1 Qd8 24.Qc3 Bb7 25.Nxa6 Bxa6 26.Qc6 Qd7 27.Bxf6 Qxc6 28.Rxc6 Bxf6
29.Rxf6 Ne6 30.Bh3 Kg7 31.Bxe6 Kxf6 32.Bxd5 b4 33.Kf1  1-0

[Event "Pricenet Cup"]
[Site "Olomouc CZE"]
[Date "2001.08.08"]
[Round "10"]
[White "Jurek,J"]
[Black "Dudas,Jan"]
[Result "1/2-1/2"]
[WhiteElo "2329"]
[BlackElo "2238"]

1.Nf3 Nf6 2.c4 g6 3.g3 Bg7 4.Bg2 O-O 5.d4 d6 6.Nc3 Nbd7 7.O-O e5 8.h3 exd4
9.Nxd4 Re8 10.e4 a6 11.Re1 Ne5 12.b3 Rb8 13.Bb2 c5 14.Nc2 Nh5 15.Ne3 b5 16.cxb5 axb5
17.Qc2 Nc6 18.Ncd5 Nd4 19.Qd1 Nf6 20.Bxd4 cxd4 21.Nxf6+ Qxf6 22.Nd5 Qd8 23.Qd2 Bb7
24.a4 bxa4 25.bxa4 Bxd5 26.exd5 Rxe1+ 27.Rxe1 Ra8  1/2-1/2

[Event "Kochan Mem Open"]
[Site "Koszalin POL"]
[Date "2001.08.10"]
[Round "6"]
[White "Shurygin,S"]
[Black "Czakon,J"]
[Result "1/2-1/2"]
[WhiteElo "2394"]
[BlackElo "2118"]

1.Nf3 Nf6 2.c4 g6 3.g3 Bg7 4.Bg2 O-O 5.O-O d6 6.Nc3 Nc6 7.Rb1 e5 8.d3 a5
9.a3 Bf5 10.Nd2 Qd7 11.Re1 Bh3 12.Bh1 h6 13.b4 axb4 14.axb4 Ng4 15.b5 Nd8
16.Bb2 f5 17.Ra1 Rxa1 18.Qxa1 f4 19.Nce4 Qf5 20.Nf3 fxg3 21.hxg3 Qh5 22.Qa7 g5
23.d4 exd4 24.Bxd4 Ne5 25.Bxe5 dxe5 26.Rd1 Bf5 27.Qe3 Ne6 28.Nc3 Qg6 29.Nd5 Re8
30.Nxe5 Qh5 31.Nd7 Qf7 32.Ne5 Qh5 33.Nd7 Qf7 34.Ne5  1/2-1/2

[Event "US Open"]
[Site "Framingham USA"]
[Date "2001.08.11"]
[Round "8"]
[White "Lunna,T"]
[Black "Luchan,J"]
[Result "0-1"]
[WhiteElo "2258"]
[BlackElo "2114"]

1.Nf3 Nf6 2.c4 g6 3.g3 Bg7 4.Bg2 O-O 5.O-O d6 6.Nc3 e5 7.d3 Nc6 8.Bg5 h6
9.Bxf6 Bxf6 10.Rb1 a5 11.a3 Nd4 12.Nd2 c6 13.e3 Ne6 14.b4 axb4 15.axb4 Bd7
16.Qb3 Be7 17.Ra1 Qb6 18.Rfb1 f5 19.Nf3 Bf6 20.Ne1 Kg7 21.Nc2 Rfc8 22.Na4 Qc7
23.c5 d5 24.Nb6 Rxa1 25.Rxa1 Re8 26.Ra7 g5 27.Qa4 e4 28.d4 h5 29.Bf1 Rb8
30.b5 Be8 31.bxc6 Bxc6 32.Qb3 Qd8 33.Nb4 Nc7 34.Be2 Kg6 35.Qa2 h4 36.Ra5 Qg8
37.g4 Qe6 38.h3 f4 39.Qd2 f3 40.Bd1 Bg7 41.Bb3 Rd8 42.Ba4 Ne8 43.Kf1 Nf6
44.Ke1 Nxg4 45.Bxc6 bxc6 46.Qd1 Nf6 47.Kd2 g4 48.hxg4 h3 49.Ra1 Nxg4 50.Kc2 h2
51.Qh1 Kf5 52.Ra7 Qh6 53.Nxc6 Nxf2 54.Nxd8 Nxh1 55.c6 Qxe3 56.Rf7+ Kg6 57.Rxg7+ Kxg7
58.Ne6+ Kh6 59.c7 Qd3+ 60.Kb2 Qb5+ 61.Kc2 Qc6+ 62.Kd2 Ng3  0-1

[Event "TCh-Rep. Srpska"]
[Site "Jahorina BIH"]
[Date "2001.08.14"]
[Round "4"]
[White "Arsovic,G"]
[Black "Ilincic,Z"]
[Result "1/2-1/2"]
[WhiteElo "2436"]
[BlackElo "2546"]

1.Nf3 Nf6 2.c4 g6 3.g3 Bg7 4.Bg2 O-O 5.O-O Re8 6.d4 d6 7.Nc3 Nbd7 8.e4 e5
9.h3 exd4 10.Nxd4 Nc5 11.Re1 a5 12.Rb1 Bd7 13.b3 h6 14.Kh2 a4 15.b4 Ne6 16.Be3 c6
17.f4 Nxd4 18.Bxd4 Be6 19.Bf1 a3 20.Qd2 c5 21.Be3 cxb4 22.Rxb4 Qa5 23.Reb1 Bd7
24.Bg2 Bc6 25.Nd5 Bxd5 26.cxd5 Rac8 27.Bb6 Qa6 28.Bf2 b5 29.R1b3 Rc4 30.e5 dxe5
31.fxe5 Rxe5 32.Rxb5 Ne4 33.Qd3 Qa4 34.Bxe4 Rcxe4 35.Rxa3 Qc4 36.Rb8+ Kh7
37.d6 Rd5 38.Qxc4 Rxc4 39.Rf3 f5 40.Rbb3 Rxd6 41.Rbd3 Rxd3 42.Rxd3 Rc2 43.Kg2 Rxa2
44.Rd7 Kg8 45.Kf3 Ra3+ 46.Kg2 Be5 47.Re7 Bf6 48.Ra7 Rd3 49.Ra8+ Kf7 50.Ra7+ Ke6
51.Ra6+ Ke5 52.Ra5+ Ke4 53.Ra6 Ke5 54.Ra5+  1/2-1/2

[Event "TCh-Rep. Srpska"]
[Site "Jahorina BIH"]
[Date "2001.08.16"]
[Round "6"]
[White "Tadic,B"]
[Black "Arsovic,Z"]
[Result "1/2-1/2"]
[WhiteElo "2427"]
[BlackElo "2407"]

1.Nf3 Nf6 2.c4 g6 3.g3 Bg7 4.Bg2 O-O 5.O-O c5 6.Nc3 Nc6 7.d4 cxd4 8.Nxd4 Qa5
9.Nb3 Qh5 10.e4 Qxd1 11.Rxd1 d6 12.h3 Be6 13.Nd5 Nd7 14.Rb1 Rac8 15.Be3 b6
16.Rd2 Nc5 17.Nd4 Bxd5 18.cxd5 Nxd4 19.Bxd4 Bxd4 20.Rxd4 a5 21.Rc1  1/2-1/2

[Event "Open"]
[Site "Presov SVK"]
[Date "2001.08.16"]
[Round "6"]
[White "Demeter,P"]
[Black "Tibensky,R"]
[Result "1/2-1/2"]
[WhiteElo "2290"]
[BlackElo "2451"]

1.c4 g6 2.Nf3 Bg7 3.g3 Nf6 4.Bg2 O-O 5.O-O c6 6.Nc3 d6 7.d3 e5 8.e4 a5 9.h3 Na6
10.Be3 Re8 11.b3 d5 12.cxd5 cxd5 13.Bg5 Nc7 14.Rc1 d4 15.Na4 Ra6 16.Rc5 h6
17.Bxf6  1/2-1/2

[Event "Rubinstein Open"]
[Site "Polanica Zdroj POL"]
[Date "2001.08.19"]
[Round "4"]
[White "Fudalej,M"]
[Black "Mazek,M"]
[Result "1-0"]
[WhiteElo "2243"]
[BlackElo "2080"]

1.Nf3 Nf6 2.g3 g6 3.Bg2 Bg7 4.c4 O-O 5.Nc3 d5 6.cxd5 Nxd5 7.O-O Nc6 8.a3 h6
9.Qc2 Be6 10.Rb1 Nb6 11.b4 Rb8 12.d3 Bg4 13.e3 Qd7 14.Ne4 Qf5 15.Nh4 Qh5
16.h3 Bc8 17.b5 Ne5 18.d4 g5 19.dxe5 gxh4 20.g4 Qxe5  1-0

[Event "Rubinstein Open"]
[Site "Polanica Zdroj POL"]
[Date "2001.08.19"]
[Round "4"]
[White "Noga,J"]
[Black "Polivanov,A"]
[Result "0-1"]
[WhiteElo "2135"]
[BlackElo "2319"]

1.Nf3 g6 2.c4 Bg7 3.g3 Nf6 4.Bg2 O-O 5.O-O d6 6.Nc3 e5 7.d4 Nbd7 8.dxe5 dxe5
9.h3 Re8 10.Bg5 h6 11.Be3 Qe7 12.Nd2 c6 13.a3 Nh5 14.Nde4 f5 15.Nd6 Rd8 16.Nxc8 Raxc8
17.Bxa7 e4 18.Be3 Ne5 19.Qc1 g5 20.Bb6 Rd7  0-1

[Event "Rubinstein Open"]
[Site "Polanica Zdroj POL"]
[Date "2001.08.21"]
[Round "6"]
[White "Gratka,K"]
[Black "Worek,J"]
[Result "1-0"]
[WhiteElo "2307"]
[BlackElo "2210"]

1.c4 Nf6 2.Nf3 g6 3.g3 Bg7 4.Bg2 O-O 5.O-O d6 6.Nc3 Nbd7 7.Rb1 e5 8.d3 Nh5
9.b4 f5 10.Ng5 Ndf6 11.Qb3 Kh8 12.c5 Qe7 13.Ba3 h6 14.Nf3 Be6 15.Qc2 Bg8
16.Nh4 Bh7 17.Bxb7 Rad8 18.cxd6 cxd6 19.Bg2 g5 20.Nf3 Rc8 21.Rbc1 Ng4 22.Qd2 e4
23.dxe4 fxe4 24.Nd5 Qf7 25.Rxc8 Rxc8 26.Ne1 Nhf6 27.Nxf6 Bxf6 28.Bb2 Rc4
29.h3 Bxb2 30.Qxb2+ Ne5 31.f4 exf3 32.Nxf3 Rc2 33.Qd4 Qg7 34.Qxd6 Nxf3+ 35.Bxf3 Rxa2
36.Kg2 Bg8 37.Re1  1-0

[Event "Rubinstein Open"]
[Site "Polanica Zdroj POL"]
[Date "2001.08.23"]
[Round "8"]
[White "Gacek,W"]
[Black "Zaninotto,F"]
[Result "1/2-1/2"]
[WhiteElo "2124"]
[BlackElo "2209"]

1.Nf3 g6 2.c4 Bg7 3.g3 Nf6 4.Bg2 O-O 5.O-O d6 6.Nc3 e5 7.d3 h6 8.Rb1 a5 9.a3 c6
10.b4 axb4 11.axb4 Re8 12.Nd2 d5 13.cxd5 cxd5 14.b5 Be6 15.Nb3 d4 16.Ne4 Nxe4
17.Bxe4 Bd5 18.Nd2 f5 19.Bxd5+ Qxd5 20.Qb3 Qxb3  1/2-1/2

[Event "Rubinstein Open"]
[Site "Polanica Zdroj POL"]
[Date "2001.08.24"]
[Round "9"]
[White "Gritsak,O"]
[Black "Baklan,V"]
[Result "1/2-1/2"]
[WhiteElo "2499"]
[BlackElo "2599"]

1.Nf3 Nf6 2.c4 g6 3.g3 Bg7 4.Bg2 O-O 5.O-O c6 6.Nc3 d6 7.d3 e5 8.Rb1 a5 9.a3 Nbd7
10.Ne1 Nc5 11.b4 axb4 12.axb4 Ne6 13.e4  1/2-1/2

[Event "VI Cup GM"]
[Site "Paks HUN"]
[Date "2001.08.25"]
[Round "8"]
[White "Kustar,S"]
[Black "Rajlich,V"]
[Result "0-1"]
[WhiteElo "2409"]
[BlackElo "2330"]

1.Nf3 Nf6 2.c4 g6 3.g3 Bg7 4.Bg2 O-O 5.d4 d6 6.O-O Nbd7 7.Nc3 e5 8.e4 c6
9.h3 Qb6 10.Re1 exd4 11.Nxd4 Ne8 12.Nc2 a5 13.Na4 Qc7 14.Be3 b6 15.Nd4 Bb7
16.Qd2 Nc5 17.Nc3 Rd8 18.Rad1 Nf6 19.Bh6 Rfe8 20.Bxg7 Kxg7 21.Nf5+ Kg8 22.Nxd6 Re6
23.e5 Ne8 24.Nxe8 Rexe8 25.Qe3 Rxd1 26.Nxd1 f6 27.f4 fxe5 28.fxe5 Nd7 29.e6 Nc5
30.e7 Kf7 31.Qf2+ Kg7 32.Qd4+ Kf7 33.Qh4 Kg7 34.Qd4+ Kf7 35.Rf1+ Kxe7 36.Qh4+ Kd6
37.Rf6+ Ne6 38.Qd4+ Ke7 39.Qf2 Kd7 40.h4 Qd6 41.Ne3 Rf8 42.Ng4 Qc5 43.Rxf8 Nxf8
44.Ne3 Bc8 45.Kh2 Kc7 46.Qf7+ Kb8 47.Qe8 Kc7 48.Qf7+ Kb8 49.Qf4+ Kb7 50.b3 Qe7
51.Nc2 Ne6 52.Qe5 Qg7 53.Qe4 Bd7 54.Qd3 g5 55.hxg5 Nxg5 56.Qd6 Qf7 57.b4 axb4
58.Nxb4 Qh5+ 59.Kg1 Nh3+ 60.Bxh3 Qxh3 61.c5 Qe6 62.Qd3 bxc5 63.Qa6+ Kc7 64.Nd3 Qe3+
65.Kg2 Qe2+ 66.Kg1 Kd6 67.Qa3 Qe3+ 68.Kh2 Bf5 69.Qa8 Qxd3 70.Qd8+ Ke5 71.Qe7+ Kd5
72.Qf7+ Kd4 73.a4 Qe2+ 74.Kg1 Qe1+  0-1

[Event "Open"]
[Site "Lisbon POR"]
[Date "2001.08.29"]
[Round "9"]
[White "Strikovic,A"]
[Black "Larsen,Ka"]
[Result "1-0"]
[WhiteElo "2515"]
[BlackElo "2300"]

1.Nf3 Nf6 2.g3 g6 3.c4 Bg7 4.Bg2 O-O 5.O-O d6 6.d4 c6 7.Nc3 Qa5 8.e4 Bg4
9.h3 Bxf3 10.Bxf3 Nbd7 11.Be3 a6 12.Qd2 c5 13.a3 cxd4 14.Bxd4 Rfc8 15.b4 Qd8
16.Be2 Nb6 17.Qa2 Nfd7 18.Bxg7 Kxg7 19.f4 Rc7 20.Nd1 Nf6 21.Nf2 Rac8 22.Rac1 Qd7
23.e5 Ne8 24.exd6 Qxd6 25.c5 Qf6 26.Rfd1 Na4 27.Qb3 b5 28.Rd2 Kg8 29.Ng4 Qg7
30.Bf3 Nd6 31.Ne5 Nf5 32.Rcd1 Qf6 33.Nxf7 Qc3 34.Nh6+ Kh8 35.Rd8+ Kg7 36.Nxf5+  1-0

[Event "ADCF Masters"]
[Site "Abu Dhabi UAE"]
[Date "2001.09.02"]
[Round "8"]
[White "Szekely,P"]
[Black "Sale,S"]
[Result "1/2-1/2"]
[WhiteElo "2430"]
[BlackElo "2381"]

1.Nf3 Nf6 2.c4 g6 3.g3 Bg7 4.Bg2 O-O 5.O-O d6 6.d4 Nbd7 7.Nc3 e5 8.e4 c6
9.b3 Re8 10.h3 a6 11.d5 Nc5  1/2-1/2

[Event "ADCF Masters"]
[Site "Abu Dhabi UAE"]
[Date "2001.09.02"]
[Round "8"]
[White "Mohamed,Ho"]
[Black "Mirzoeva,E"]
[Result "1/2-1/2"]
[WhiteElo "2203"]
[BlackElo "2260"]

1.Nf3 Nf6 2.c4 g6 3.g3 Bg7 4.Bg2 O-O 5.O-O d6 6.d4 Nbd7 7.Nc3 e5 8.e4 exd4
9.Nxd4 Nc5 10.h3 Re8 11.Re1 a5 12.Rb1 c6 13.b3 h6 14.Bf4 g5 15.Bc1 Bd7 16.a3 Nh7
17.Bb2 Bxd4 18.Qxd4 Nxb3 19.Qxd6 Be6 20.c5 Nd2 21.Rbd1 Nc4 22.Qxd8 Raxd8
23.Bc1 Nf8 24.f4 gxf4 25.gxf4 f6 26.Kh2 Bf7 27.Bf1 Rd7 28.Rxd7 Nxd7 29.Na4 Nf8
30.Nc3 f5 31.e5 Nd7 32.Na4 b5 33.cxb6 Ncxb6 34.Rd1 Nd5 35.Bd2 Rb8 36.Bc4 Be6
37.Nc3 Rb2 38.Na4 Rb8 39.Nc3 Nc5 40.Bxd5 cxd5 41.Be3 Rb2+ 42.Kg1 Rb3  1/2-1/2

[Event "EYCC G18"]
[Site "Halkidiki GRE"]
[Date "2001.09.04"]
[Round "5"]
[White "Mammadova,Na"]
[Black "Kirik,I"]
[Result "1/2-1/2"]
[WhiteElo "2048"]
[BlackElo "2073"]

1.Nf3 Nf6 2.c4 g6 3.g3 Bg7 4.Bg2 O-O 5.O-O d6 6.Nc3 e5 7.d3 h6 8.e3 Nc6 9.Rb1 Kh7
10.b4 Nh5 11.b5 Ne7 12.d4 f5 13.dxe5 dxe5 14.Ba3 Qe8 15.e4 f4 16.Qd2 Rf7
17.Rbd1 Be6 18.Nd5 Ng8 19.Qa5 Bxd5 20.cxd5 Ngf6 21.Rfe1 b6 22.Qb4 fxg3 23.hxg3 Nd7
24.Qc3 Nhf6 25.Bh3 Bf8 26.Be6 Rg7 27.Bxf8 Qxf8 28.Nxe5 Nc5 29.f3 Qd6 30.Kf2 Nxe6
31.dxe6 Qxe6 32.Re2 Rf8 33.Kg2 Re8 34.Nc6 Ra8 35.a4 Nd7 36.Nd4 Qe5 37.Qc6 Re8
38.Nb3 Nf6 39.f4 Qe6 40.Qxe6 Rxe6 41.e5 Nd7 42.Red2 Ree7 43.Rc2 Nf8 44.Kf3 Rgf7
45.Ke4 Ne6 46.Rf2 h5  1/2-1/2

[Event "EYCC B14"]
[Site "Halkidiki GRE"]
[Date "2001.09.04"]
[Round "5"]
[White "Tahirov,F"]
[Black "Ragger,M"]
[Result "1/2-1/2"]
[WhiteElo "2400"]
[BlackElo "2119"]

1.Nf3 Nf6 2.g3 g6 3.Bg2 Bg7 4.c4 O-O 5.d4 d6 6.O-O Nc6 7.d5 Na5 8.Nbd2 c5
9.e4 b5 10.cxb5 a6 11.Rb1 axb5 12.b4 Nb7 13.a3 Nd7 14.Nb3 Nb6 15.Qc2 Na4
16.bxc5 dxc5 17.Re1 e6 18.Bg5 f6 19.Be3 exd5 20.Nxc5 Naxc5 21.Bxc5 Nxc5 22.Qxc5 dxe4
23.Rbd1 Qa5 24.Rxe4 Qxa3 25.Qd5+ Kh8 26.Nh4 Ra4 27.Re3 Qb2 28.Rb3 Qa2 29.Qxb5 Ba6
30.Qb6 Qc2 31.Rbb1 f5 32.Bd5 Bc4 33.Rbc1 Qa2 34.Bc6 Ra6 35.Qc5 Bf7 36.Nf3 Qa3
37.Qb5 Qa5 38.Qe2 Ra7 39.Ng5 Qe5 40.Qxe5 Bxe5 41.Bd5 Bxd5 42.Rxd5 Bf6 43.Nf3 Kg7
44.h4 Rff7 45.Rcd1 Ra1 46.Rxa1 Bxa1 47.Ng5 Re7 48.Kg2 Bf6 49.Nh3 Kf7 50.Nf4 Be5
51.Nd3 Bb8 52.Kf3 Ke6 53.Rb5 Bd6 54.Ke3 Ra7 55.Nc1 Rc7 56.Nb3 Be5 57.Nc5+ Kd6
58.Nd3 Bc3 59.Nf4 Rc5 60.Rb7 Be5 61.Nd3 Rc3 62.Kd2 Ra3 63.Rxh7 Bd4 64.h5 Ra2+
65.Ke1 gxh5 66.Rxh5 Ra1+ 67.Ke2 Ra2+ 68.Kf3 Ra3 69.Ke2 Ra2+ 70.Kf3 Ra3 71.Rxf5 Rxd3+
72.Ke4 Rd2 73.f4  1/2-1/2

[Event "5th Pablo Gorbea Mem Open"]
[Site "Madrid ESP"]
[Date "2001.09.10"]
[Round "4"]
[White "Rocabert Andreu,G"]
[Black "Arencibia,W"]
[Result "0-1"]
[WhiteElo "2247"]
[BlackElo "2548"]

1.Nf3 Nf6 2.c4 g6 3.g3 Bg7 4.Bg2 O-O 5.Nc3 d6 6.O-O Nc6 7.Rb1 Bf5 8.d3 Qd7
9.b4 a6 10.a3 Bh3 11.Bb2 Bxg2 12.Kxg2 e5 13.Rc1 Nh5 14.Qd2 Rae8 15.Nd5 Nd8
16.Ne1 Ne6 17.f3 c6 18.Nc3 f5 19.e3 Bh6 20.Qf2 d5 21.Rd1 d4 22.exd4 exd4  0-1

[Event "6th ECCW"]
[Site "Belgrade YUG"]
[Date "2001.09.18"]
[Round "3"]
[White "Calotescu,C"]
[Black "Grosar,K"]
[Result "1/2-1/2"]
[WhiteElo "2283"]
[BlackElo "2220"]

1.Nf3 Nf6 2.c4 g6 3.g3 Bg7 4.Bg2 O-O 5.O-O d6 6.d4 Nc6 7.Nc3 e5 8.d5 Ne7
9.e4 Ne8 10.b4 a5 11.Ba3 axb4 12.Bxb4 c5 13.dxc6 Nxc6 14.Qb3 Nxb4 15.Qxb4 Qa5
16.a3 Be6 17.Nd5 Bxd5 18.Qxa5 Rxa5 19.cxd5 Bh6 20.Rfb1 b5 21.Bf1 Nc7 22.Rb3 f5
23.exf5 gxf5 24.Rab1 f4 25.Rc1 Na6 26.g4 Nc5 27.Rxb5 Rxa3 28.Nxe5 f3 29.Rcb1 Ra4
30.Nc4 Rxc4 31.Bxc4 Rf4 32.Rxc5 Rxg4+ 33.Kh1 dxc5 34.Rg1 Rxg1+ 35.Kxg1 Bf4
36.Bd3 h6 37.Be4 Kf7 38.Bxf3 c4 39.Be4 Kf6 40.h3 Ke5 41.f3 c3 42.Kf2 c2 43.Bxc2 Kxd5
44.Ke2 Ke5 45.Kd3 Bc1 46.Bb3 Bf4  1/2-1/2

[Event "TCh-CRO"]
[Site "Pula CRO"]
[Date "2001.09.18"]
[Round "9"]
[White "Tukmakov,V"]
[Black "Fedorov,Alex"]
[Result "1/2-1/2"]
[WhiteElo "2604"]
[BlackElo "2599"]

1.Nf3 Nf6 2.c4 g6 3.g3 Bg7 4.Bg2 O-O 5.O-O d6 6.d4 Nc6 7.Nc3 a6 8.b3 Rb8
9.Nd5 Nh5 10.Bb2 e6 11.Nf4 Nxf4 12.gxf4  1/2-1/2

[Event "6th ECCW"]
[Site "Belgrade YUG"]
[Date "2001.09.20"]
[Round "5"]
[White "Calotescu,C"]
[Black "Ivanovic,J"]
[Result "1-0"]
[WhiteElo "2283"]
[BlackElo "2061"]

1.Nf3 Nf6 2.c4 g6 3.g3 Bg7 4.Bg2 O-O 5.O-O d6 6.d4 Nbd7 7.Nc3 e5 8.e4 c6
9.b3 Re8 10.h3 a5 11.Re1 exd4 12.Nxd4 Nc5 13.Rb1 Nfd7 14.Be3 Nf8 15.Qd2 Qe7
16.f4 h5 17.Bf2 Nfe6 18.Nf3 Rd8 19.Rbd1 Bh6 20.Nd5 cxd5 21.exd5 Qc7 22.dxe6 Nxe6
23.Qd5 Qc6 24.Qd2 Qc7 25.Qc2 Bd7 26.f5 gxf5 27.Qxf5 Ng5 28.Qf6 Nxf3+ 29.Qxf3 Bc6
30.Qxh5 Bg7 31.Qg5 f6 32.Bd5+ Bxd5 33.Qxd5+ Qf7 34.Re7 Qxd5 35.Rxd5  1-0

[Event "ECC"]
[Site "Panormo GRE"]
[Date "2001.09.23"]
[Round "1"]
[White "Pigusov,E"]
[Black "Poldauf,D"]
[Result "1-0"]
[WhiteElo "2613"]
[BlackElo "2403"]

1.Nf3 Nf6 2.c4 g6 3.g3 Bg7 4.Bg2 O-O 5.d4 d6 6.O-O Nbd7 7.Nc3 e5 8.e4 exd4
9.Nxd4 Re8 10.h3 Nc5 11.Re1 a5 12.Ndb5 Be6 13.e5 dxe5 14.Qxd8 Rexd8 15.Nxc7 Rac8
16.Nxe6 Nxe6 17.b3 b6 18.Rb1 Nd7 19.Nb5 Nd4 20.Bg5 f6 21.Bd5+ Kf8 22.Nxd4 exd4
23.Bc1 Nc5 24.Rd1 f5 25.Bb2 d3 26.Ba3 b5 27.Bxc5+ Rxc5 28.Rxd3 b4 29.Re1 Re8
30.Rxe8+ Kxe8 31.Re3+ Kd7 32.Re6 a4 33.Rb6 Bc3 34.Rb7+ Kd6 35.Rxh7 axb3 36.axb3 Ra5
37.Rh6 Ra3 38.Rxg6+ Ke5 39.Re6+ Kd4 40.Rd6 Rxb3 41.Bg8+ Ke5 42.Rd5+ Kf6 43.c5 Be5
44.g4 Rb1+ 45.Kg2 b3 46.g5+ Kxg5 47.Rxe5 b2 48.Rxf5+ Kg6 49.Bh7+ Kxh7 50.Rf7+ Kg6
51.Rb7 Rc1 52.Rxb2 Rxc5 53.Rb4 Ra5 54.Kg3 Ra1 55.Rb6+ Kg5 56.h4+ Kh5 57.Rb5+ Kg6
58.Rg5+ Kh6 59.f4 Rb1 60.Kg4 Ra1 61.Re5 Kg6 62.Re6+ Kf7 63.Rb6 Kg7 64.Kg5 Rg1+
65.Kf5 Ra1 66.Rg6+ Kh7 67.Re6 Kg7 68.Re7+ Kh6 69.Kf6 Ra4 70.f5 Rxh4 71.Re1 Rh2
72.Re8 Kh7 73.Kf7 Ra2 74.f6 Ra7+ 75.Re7 Ra6 76.Kf8+ Kg6 77.f7 Ra8+ 78.Re8 Ra7
79.Re6+ Kh7 80.Re1 Ra8+ 81.Ke7 Ra7+ 82.Kf6 Ra6+ 83.Re6 Ra8 84.Re8 Ra6+ 85.Ke5  1-0

[Event "ECC"]
[Site "Panormo GRE"]
[Date "2001.09.23"]
[Round "1"]
[White "Kolesar,Mil"]
[Black "Khruschiov,A"]
[Result "1/2-1/2"]
[WhiteElo "2234"]
[BlackElo "2411"]

1.Nf3 Nf6 2.c4 g6 3.g3 Bg7 4.Bg2 O-O 5.d4 d6 6.O-O c6 7.Nc3 Nbd7 8.Qc2 Nb6
9.b3 d5 10.cxd5 Bf5 11.Qd2 Nbxd5 12.Bb2 Ne4 13.Nxe4 Bxe4 14.Rfd1 a5 15.Ne5 Bxg2
16.Kxg2 a4 17.Nc4 axb3 18.axb3 Nc7 19.e4 e6 20.Qb4 Nb5 21.d5 exd5 22.Bxg7 Kxg7
23.exd5 Qf6 24.Ne3 Rfd8 25.dxc6 Nd4 26.c7 Qf3+ 27.Kh3 Qh5+ 28.Kg2 Qf3+ 29.Kh3 Qh5+  1/2-1/2

[Event "ECC"]
[Site "Panormo GRE"]
[Date "2001.09.26"]
[Round "4"]
[White "Putka,V"]
[Black "Olsson,An"]
[Result "1-0"]
[WhiteElo "2277"]
[BlackElo "2265"]

1.Nf3 Nf6 2.c4 g6 3.g3 Bg7 4.Bg2 O-O 5.O-O d6 6.d4 Nbd7 7.Nc3 e5 8.e4 c6
9.h3 Qb6 10.Re1 exd4 11.Nxd4 Nh5 12.Nb3 Ne5 13.Bf1 f5 14.Be3 Qd8 15.exf5 Bxf5
16.Nd4 Qd7 17.g4 Bxg4 18.hxg4 c5 19.Nf5 gxf5 20.gxh5 f4 21.Bd2 f3 22.Ne4 Ng4
23.Bc3 Rad8 24.Bh3 Kh8 25.Qd2 Rg8 26.Ng3 Qf7 27.Bxg4 Be5 28.Rxe5  1-0

[Event "It IM"]
[Site "Kastav CRO"]
[Date "2001.10.03"]
[Round "9"]
[White "Saric,A"]
[Black "Jovanic,O"]
[Result "1/2-1/2"]
[WhiteElo "2232"]
[BlackElo "2409"]

1.Nf3 Nf6 2.c4 g6 3.g3 Bg7 4.Bg2 O-O 5.O-O d6 6.Nc3 e5 7.d3 Nc6 8.Rb1 a5
9.a3 h6 10.b4 axb4 11.axb4  1/2-1/2

[Event "Tatry Open"]
[Site "High Tatras SVK"]
[Date "2001.10.04"]
[Round "7"]
[White "Likavsky,T"]
[Black "Mrva,Mart"]
[Result "1-0"]
[WhiteElo "2410"]
[BlackElo "2447"]

1.c4 g6 2.g3 Bg7 3.Bg2 Nf6 4.Nf3 O-O 5.O-O d6 6.Nc3 Bd7 7.h3 c5 8.d4 cxd4
9.Nxd4 Qc8 10.Kh2 Nc6 11.Nc2 Na5 12.b3 d5 13.Nxd5 Nxd5 14.cxd5 Bxa1 15.Nxa1 e5
16.Bb2 f6 17.f4 Qe8 18.fxe5 fxe5 19.Rxf8+ Qxf8 20.Bxe5 Re8 21.Bd4 h5 22.Qd3 Kh7
23.Nc2 b6 24.e4 Nb7 25.Ne3 Nd6 26.e5 Bf5 27.Qa6 Ne4 28.Nxf5 gxf5 29.Qxa7+ Re7
30.Qxb6 Rg7 31.e6 h4 32.gxh4 Rxg2+ 33.Kxg2 Qg8+ 34.Kf1 Ng3+ 35.Ke1 Nh5 36.Qc7+  1-0

[Event "ch-SLO"]
[Site "Grize SLO"]
[Date "2001.10.05"]
[Round "5"]
[White "Kukovec,B"]
[Black "Vombek,D"]
[Result "1/2-1/2"]
[WhiteElo "2094"]
[BlackElo "2309"]

1.Nf3 Nf6 2.c4 g6 3.g3 Bg7 4.Bg2 O-O 5.O-O d6 6.Nc3 Nbd7 7.Rb1 e5 8.d3 Re8
9.b4 a5 10.a3 axb4 11.axb4 h5 12.Ng5 Nh7 13.h4 Ndf8 14.Qb3 Ne6 15.c5 dxc5
16.Nxe6 Rxe6 17.Bd5 Re7 18.Bg5 Bf6 19.f4 c6 20.Ne4 Bxg5 21.Bxf7+ Kg7 22.fxg5 Nf8
23.bxc5 Qd4+ 24.Kh2 Ne6 25.Bxe6 Bxe6 26.Qb2 Ra2 27.Qxd4 exd4 28.Rf2 Bg4 29.Rb4 Rc2
30.Rxd4 Bxe2 31.Kg2 Bd1 32.Rd8 Rc1 33.Nf6 Bb3 34.g4 Bf7 35.gxh5 gxh5 36.d4 Kg6
37.d5 cxd5 38.Nxd5 Bxd5+ 39.Rxd5 Re6 40.Rb2 Rc4 41.Rd6 Rxd6 42.cxd6 Rd4  1/2-1/2

[Event "Tatry Open"]
[Site "High Tatras SVK"]
[Date "2001.10.05"]
[Round "8"]
[White "Demeter,P"]
[Black "Hlinka,V"]
[Result "1/2-1/2"]
[WhiteElo "2290"]
[BlackElo "2142"]

1.c4 Nf6 2.Nf3 g6 3.g3 Bg7 4.Bg2 O-O 5.O-O c6 6.Nc3 d5 7.cxd5 cxd5 8.d3 Nc6
9.e4 dxe4 10.dxe4 Qb6 11.Qc2 Be6 12.Be3 Qa5 13.h3 h6 14.a3 Rac8 15.b4 Qh5
16.g4 Bxg4 17.hxg4 Nxg4 18.Rfc1 Nce5 19.Nd4 Qh2+ 20.Kf1 Rfd8 21.Qe2 Nxe3+
22.fxe3 e6 23.Nd1 h5 24.Rc2 Rxc2 25.Nxc2 Nd3 26.Rb1 Qh4 27.Ne1 Nxe1 28.Qxe1 Qxe1+
29.Kxe1 Rd3 30.a4 Ra3 31.a5 Ra2 32.Bf3 Be5 33.Kf1 Kg7 34.Nf2 Bc3 35.Nd3 Bd2
36.e5 b6 37.axb6 axb6 38.e4 Bc3 39.b5  1/2-1/2

[Event "TCh-BUL"]
[Site "Pamporovo BUL"]
[Date "2001.10.08"]
[Round "7"]
[White "Bochev,K"]
[Black "Ilchov,R"]
[Result "1/2-1/2"]
[WhiteElo "2207"]
[BlackElo "2115"]

1.Nf3 Nf6 2.c4 g6 3.g3 Bg7 4.Bg2 O-O 5.O-O d6 6.d4 Nc6 7.Nc3 a6 8.Bd2 Bg4
9.d5 Bxf3 10.exf3 Na5 11.Qe2 c5 12.dxc6 Nxc6 13.f4 Rc8 14.Rac1 Re8 15.Be3 Qa5
16.Rfd1 Nd7 17.Rd5 Qb4 18.Rd2 Nb6 19.Ne4 Na4 20.b3 Nc5 21.Rd5 Nxe4 22.Bxe4 e6
23.Rdd1 d5 24.cxd5 Qxe4 25.dxc6 Rxc6 26.Rxc6 Qxc6 27.Rc1 Qe4 28.Rc4 Qb1+
29.Kg2 h5 30.Rc1 Qe4+ 31.Qf3 Qxf3+ 32.Kxf3 Re7 33.Rc8+ Kh7 34.Bb6 Rd7 35.Rc7 Rxc7
36.Bxc7 f5  1/2-1/2

[Event "Essent Open"]
[Site "Hoogeveen NED"]
[Date "2001.10.12"]
[Round "1"]
[White "Gofshtein,Z"]
[Black "Jens,J"]
[Result "1-0"]
[WhiteElo "2513"]
[BlackElo "2318"]

1.Nf3 Nf6 2.c4 g6 3.g3 Bg7 4.Bg2 O-O 5.Nc3 d6 6.O-O e5 7.Rb1 a5 8.a3 Nc6
9.d3 h6 10.b4 axb4 11.axb4 Be6 12.b5 Ne7 13.Bb2 Qd7 14.Qb3 Bh3 15.c5 Bxg2
16.Kxg2 Ne8 17.Na4 Rb8 18.Rfc1 g5 19.h3 b6 20.c6 Qc8 21.e4 Ng6 22.Nc3 Kh8
23.d4 exd4 24.Nd5 f5 25.Nxd4 fxe4 26.Qc2 Nf6 27.Nxf6 Rxf6 28.Qxe4 Ne5 29.Nf3 Rxf3
30.Bxe5 Rf8 31.Bxg7+ Kxg7 32.Qd4+ Kg8 33.Qd5+ Rf7 34.g4 Qf8 35.Re1 Kh7 36.Rb2 Re8
37.Rbe2 Rxe2 38.Rxe2 Re7 39.Qf5+ Qxf5 40.Rxe7+  1-0

[Event "ULIM Cup"]
[Site "Kishnev MDA"]
[Date "2001.10.13"]
[Round "7"]
[White "Soloviov,A"]
[Black "Shkuro,I"]
[Result "1-0"]
[WhiteElo "2183"]
[BlackElo "2243"]

1.c4 Nf6 2.g3 g6 3.Bg2 Bg7 4.Nf3 O-O 5.O-O d6 6.d4 Nbd7 7.Nc3 e5 8.e3 c6
9.b3 Re8 10.Bb2 e4 11.Nd2 d5 12.f3 exf3 13.Qxf3 Nb6 14.c5 Bg4 15.Qf2 Nbd7
16.e4 dxe4 17.Ndxe4 Bf5 18.Nxf6+ Nxf6 19.h3 Qd7 20.Kh2 h5 21.Rad1 h4 22.gxh4 Nh5
23.d5 Be5+ 24.Kg1 Bg3 25.Qd2 Qe7 26.Rxf5 gxf5 27.Qg5+ Qxg5 28.hxg5 cxd5 29.Bxd5  1-0

[Event "TCh-FIN 2001-02"]
[Site "FIN"]
[Date "2001.10.21"]
[Round "3"]
[White "Turunen,P"]
[Black "Laasanen,T"]
[Result "1-0"]
[WhiteElo "2252"]
[BlackElo "2132"]

1.c4 Nf6 2.Nf3 g6 3.g3 Bg7 4.Bg2 O-O 5.O-O d6 6.Nc3 e5 7.d3 Nbd7 8.Rb1 Nh5
9.e4 c6 10.b4 Qe8 11.d4 exd4 12.Nxd4 Ne5 13.Qb3 Nd3 14.Be3 Nxb4 15.Ncb5 cxb5
16.Qxb4 bxc4 17.Qxc4 Qe7 18.Rfc1 Nf6 19.Nb5 Be6 20.Qe2 Rfc8 21.Nxa7 Rxc1+
22.Rxc1 b6 23.Nc6 Qe8 24.Nb4 Ra4 25.Qd2 Qb5 26.a3 Rxa3 27.Nc2 Ra2 28.Qxd6 Ng4
29.Nd4 Qh5 30.h3 Nxe3 31.Nxe6 Ra8 32.Nxg7 Qg5 33.h4 Qh6 34.Qc6 Rd8 35.Nf5 Nxf5
36.exf5 Qd2 37.fxg6 hxg6 38.Rb1 Rd6 39.Qe8+ Kg7 40.Qe5+  1-0